000 00412nam a22001697a 4500
005 20160707105505.0
008 160707b xxu||||| |||| 00| 0 eng d
020 _a81-85749-53-1
041 _aeng
082 _b16817
100 _aGupta Dr. B R & Singhal. V
_93273
245 _aPower Electronics
260 _bS.K. Kataria & Sons
_c2012
300 _a596
650 _aDiploma Engineering
_9817
942 _cBK
999 _c5162
_d5160